| 000 | 01352cam a22003737a 4500 | ||
|---|---|---|---|
| 003 | CHAP | ||
| 005 | 20220329142008.0 | ||
| 008 | 981204d1998 mx r 00110 spa d | ||
| 010 | _a76802 | ||
| 011 | _a77774 | ||
| 035 | _a87459 | ||
| 040 | _cCHAP | ||
| 090 | _aTesis | ||
| 100 | 0 | 0 |
_aGómez Villanueva, Juan Antonio. _949931 |
| 245 | 1 | 0 |
_aEfecto del tratamiento con AG3 y AIA sobre la germinación y vigor de semillas de jitomate (Lycopersicon esculentum Mill) _c/por Juan Antonio Gómez Villanueva |
| 260 |
_aChapingo, Méx. : _bEl autor, _c1998. |
||
| 300 |
_a89 h. : _bgráfs. ; tablas |
||
| 502 | _aTesis (Ing. Agr. Esp. en Fitotecnia) -- UACH. Departamento de Fitotecnia | ||
| 590 |
_aALEPH _b10 _c20130110 _lUCH01 _h1426 |
||
| 590 |
_aBATCH-UPD _b10 _c20130110 _lUCH01 _h0650 |
||
| 590 |
_aBATCH-UPD _b10 _c20130410 _lUCH01 _h0334 |
||
| 590 |
_aBATCH-UPD _b10 _c20130914 _lUCH01 _h1541 |
||
| 590 |
_aCONVERSION _b10 _c20130109 _lUCH01 _h1342 |
||
| 650 | 1 | 4 |
_aGerminación. _947755 |
| 650 | 1 | 4 |
_aPlantas _xCrecimiento _xAditivos. _988804 |
| 650 | 1 | 4 |
_aPlantas _xVigor. _988896 |
| 650 | 1 | 4 |
_aTomate _xRendimiento. _9113761 |
| 650 | 1 | 4 |
_aTomate _xSemilla. _9113765 |
| 901 | _aBK | ||
| 905 | _aGuadalupe Pinto C. | ||
| 942 | _cFOLL | ||
| 949 |
_bBC _cTES _d33724000706966 _eTS2 _fc.2 _h33293 _i87459 _si |
||
| 949 |
_bBC _cTES _d874591 _eTS1 _h33292 _i87459 _sb |
||
| 999 |
_c76802 _d76802 |
||